Statystyki dla Top 10 stanów USA według wsparcia Partii Republikańskiej

Kliknij tutaj aby rozwiązać quiz!

Ogólne statystyki

  • Ten quiz został rozwiązany 49 razy
  • Średni wynik to 5 z 10

Statystyki odpowiedzi

%Stan% Poprawnych
24.2Alabama
74%
30.0Idaho
59%
24.3Dakota Północna
57%
33.6Oklahoma
54%
23.7Kentucky
52%
24.5Arkansas
43%
28.7Utah
41%
21.2Tennessee
39%
40.7Wyoming
39%
30.2Wirginia Zachodnia
24%

Rozkład punktacji

Percentyl według liczby udzielonych odpowiedzi

Procent ludzi z każdym wynikiem

Twoja historia wyników

Nie rozwiązałeś tego quizu